| 000 | 02287cam a2200337 i 4500 | ||
|---|---|---|---|
| 003 | SA-RiAUC | ||
| 005 | 20250101070956.0 | ||
| 008 | 241225s1997 su g 00010 ara c | ||
| 020 | _a376209960X | ||
| 020 | _a996020376X | ||
| 040 |
_aSA-RiAUC _bara _cSA-RiAUC _erda |
||
| 041 | 1 |
_aara _hund |
|
| 082 | 0 | 4 |
_a213 _qSA-RiAUC |
| 090 |
_a213 _b ا س د |
||
| 100 | 1 |
_aأسد، محمد، _d1900-1992 _eمؤلف. |
|
| 245 | 1 | 2 |
_aالطريق إلى الإسلام / _cمحمد أسد ؛ ترجمة عفيف البعلبكي. |
| 250 | _aالطبعة التاسعة. | ||
| 264 | 1 |
_aالرياض : _aبيروت : _bمكتبة العبيكان ؛ _bدار العلم للملايين، _c1997 |
|
| 300 |
_a313 صفحة ؛ _c24 × 17 سم |
||
| 336 |
_aنص _btxt _2rdacontent _3كتاب |
||
| 337 |
_aبدون وسيط _bn _2rdamedia |
||
| 338 |
_aمجلد _bnc _2rdacarrier |
||
| 650 | 7 |
_aالدعوة الإسلامية _2aucsh |
|
| 650 | 7 |
_aالوعظ والإرشاد _2aucsh |
|
| 700 | 1 |
_aالبعلبكي، عفيف، _dتوفي 2008 _eمترجم. |
|
| 856 |
_uhttp://saaid.net/book/10/3466.rar _yDigital Copy _2 نرجو الانتباه لإمكانية وجود اختلاف في الطبعة أو الناشر بين البيانات على البوابة وما ستجده على الكتاب نظرا لمحدودية المعلومات المتاحة على الموقع الناشر للمادة. _3Please note that there may be a difference in the edition or publisher between the data on the portal and the book due to the limited information available on the publisher website for the material. |
||
| 856 |
_uhttp://saaid.net/book/open.php?cat=93&book=4777 _yExternal Link _2 نرجو الانتباه لإمكانية وجود اختلاف في الطبعة أو الناشر بين البيانات على البوابة وما ستجده على الكتاب نظرا لمحدودية المعلومات المتاحة على الموقع الناشر للمادة. _3Please note that there may be a difference in the edition or publisher between the data on the portal and the book due to the limited information available on the publisher website for the material. |
||
| 942 |
_2ddc _cBOOK _n0 |
||
| 949 |
_aSA-JeALM _d241225 _umohamedma123 _n1 |
||
| 999 |
_c4244 _d4244 |
||